Key to the homoeopathic materia medica (Record no. 38993)

MARC details
000 -LEADER
fixed length control field 00610cam a22002291 4500
001 - CONTROL NUMBER
control field med48001162
003 - CONTROL NUMBER IDENTIFIER
control field DLC
005 - DATE AND TIME OF LATEST TRANSACTION
control field 20260227111611.0
008 - FIXED-LENGTH DATA ELEMENTS--GENERAL INFORMATION
fixed length control field 810815s1947 xx 000 0 eng
010 ## - LIBRARY OF CONGRESS CONTROL NUMBER
LC control number med48001162
035 ## - SYSTEM CONTROL NUMBER
System control number (OCoLC)14741285
040 ## - CATALOGING SOURCE
Original cataloging agency DLC
Transcribing agency DNLM
Modifying agency DLC
042 ## - AUTHENTICATION CODE
Authentication code premarc
050 00 - LIBRARY OF CONGRESS CALL NUMBER
Classification number RX606
Item number .P8 1947
060 0# - NATIONAL LIBRARY OF MEDICINE CALL NUMBER
Classification number WB 930
Item number P981k 1947
100 1# - MAIN ENTRY--PERSONAL NAME
Personal name Pulford, Alfred,
Dates associated with a name 1863-
245 10 - TITLE STATEMENT
Title Key to the homoeopathic materia medica
Statement of responsibility, etc. [by A. and D. T.] Pulford.
250 ## - EDITION STATEMENT
Edition statement [2d ed.
260 ## - PUBLICATION, DISTRIBUTION, ETC.
Place of publication, distribution, etc. Toledo,
Date of publication, distribution, etc. 1947]
300 ## - PHYSICAL DESCRIPTION
Extent 277 p.
700 1# - ADDED ENTRY--PERSONAL NAME
Personal name Pulford, D. T.
Fuller form of name (Dayton Turner)

No items available.

Powered by Koha